000 00474nam a2200157 a 4500
005 20140412111408.0
008 070809s19uu xx 00 eng d
020 _a0-688-09873-8
050 _aTR(PS) E
_bFi53 1990
100 _aBrierley, Louise
245 _aThe fisherwoman /
_cLouise Brierley ; words by Anne Carter.
260 _aNew York :
_bLothrop, Lee & Shepard Books,
_cc1990.
300 _a[unp.] : col. , ill. ; cm.
700 _aCarter, Anne
999 _c105609
_d105609